00525nam a22001457a 4500040000900000082001200009100004000021110005300061245006500114260004400179650002200223942001200245999001900257952010300276 cNUST a220 PRO aAnas Zia Saif Ur Rehman Ali 985647 aProject Supervisor Prof. Dr Zafar Bangash985648 aPR-SOF-2054-Design and Analysis of High Volume Low Speed Fan aISLAMABAD:bNUST COLLEGE OF EME,c2021. aDE-MECH-39985649 2ddccPR c587044d587044 00102ddc4070aCEMEbCEMEcREFd2021-12-03l0o220 PROpPR-SOF-2054r2021-12-03w2021-12-03yREF